LEADER 01595nam0 2200373 i 450 001 SUN0104103 005 20151217122242.234 010 $a8-3-319-12171-0$d0.00 017 70$2N$a978-3-319-12172-7 100 $a20151209d2014 |0engc50 ba 101 $aeng 102 $aCH 105 $a|||| ||||| 200 1 $a*Stochastic processes-Inference theory$fMalempati M. Rao 205 $a2. ed 210 $aCham$cSpringer$d2014 215 $aXVII, 669 p.$d24 cm 410 1$1001SUN0030486$12001 $a*Springer monographs in mathematics$1210 $aBerlin$cSpringer$d1989-. 606 $a60Hxx$xStochastic analysis [MSC 2020]$2MF$3SUNC019765 606 $a60J25$xContinuous-time Markov processes on general state spaces [MSC 2020]$2MF$3SUNC019839 606 $a60Gxx$xStochastic processes [MSC 2020]$2MF$3SUNC020000 606 $a62Mxx$xInference from stochastic processes [MSC 2020]$2MF$3SUNC020002 606 $a62J02$xGeneral nonlinear regression [MSC 2020]$2MF$3SUNC021211 620 $aCH$dCham$3SUNL001889 700 1$aRao$b, Malempati M.$3SUNV041925$0726217 712 $aSpringer$3SUNV000178$4650 790 1$aRao, Malempati Madhusudana$zRao, Malempati M.$3SUNV061178 790 1$aRao, M. M.$zRao, Malempati M.$3SUNV061180 801 $aIT$bSOL$c20200921$gRICA 856 4 $uhttp://dx.doi.org/10.1007/978-3-319-12172-7 912 $aSUN0104103 950 $aBIBLIOTECA CENTRO DI SERVIZIO SBA$d15CONS SBA EBOOK 4472 $e15EB 4472 20191106 996 $aStochastic processes-Inference theory$91409928 997 $aUNICAMPANIA LEADER 03657nam 22007214a 450 001 9910962702803321 005 20200520144314.0 010 $a9786610273171 010 $a9781280273179 010 $a1280273178 010 $a9780471712046 010 $a0471712043 035 $a(CKB)1000000000244115 035 $a(EBL)224941 035 $a(OCoLC)57597784 035 $a(SSID)ssj0000131813 035 $a(PQKBManifestationID)11152952 035 $a(PQKBTitleCode)TC0000131813 035 $a(PQKBWorkID)10027673 035 $a(PQKB)10096809 035 $a(OCoLC)ocm55981731 035 $a(Au-PeEL)EBL224941 035 $a(CaPaEBR)ebr10114193 035 $a(CaONFJC)MIL27317 035 $a(MiAaPQ)EBC224941 035 $a(FR-PaCSA)88944780 035 $a(FRCYB88944780)88944780 035 $a(Perlego)2755874 035 $a(EXLCZ)991000000000244115 100 $a20040715d2005 uy 0 101 0 $aeng 135 $aur|n|---||||| 181 $ctxt 182 $cc 183 $acr 200 10$aCreate your own hedge fund $eincrease profits and reduce risk with ETFs and options /$fMark D. Wolfinger 205 $a1st ed. 210 $aHoboken, N.J. $cJohn Wiley & Sons$dc2005 215 $a1 online resource (254 p.) 225 1 $aWiley trading 300 $aDescription based upon print version of record. 311 08$a9780471655077 311 08$a0471655074 320 $aIncludes bibliographical references (p. 216-226) and index. 327 $aCreate Your Own Hedge Fund; Contents; Acknowledgments; Preface; PART I Outperforming the Market; CHAPTER 1 Modern Portfolio Theory; CHAPTER 2 Can You Beat the Market? Should You Try?; CHAPTER 3 Hedge Funds; PART II Exchange Traded Funds; CHAPTER 4 A Brief History of Mutual Funds and Exchange Traded Funds; CHAPTER 5 Traditional Mutual Funds; CHAPTER 6 Exchange Traded Funds; PART III Options; CHAPTER 7 What Is an Option and How Does an Option Work?; CHAPTER 8 More Options Basics; CHAPTER 9 Why Investors Buy and Sell Options 327 $aCHAPTER 10 Option Strategies You Can Use to Make Money: Covered Call WritingCHAPTER 11 Option Strategies You Can Use to Make Money: Uncovered Put Writing; CHAPTER 12 Historical Data: BuyWrite Index and Volatility Index; PART IV Putting It All Together; CHAPTER 13 Building a Portfolio; CHAPTER 14 Finding Your Style: Choosing an Option to Write; CHAPTER 15 Covered Call Writing in Action: A Year of Trading; CHAPTER 16 Uncovered Put Writing in Action; CHAPTER 17 Odds and Ends and Conclusion; Notes; Glossary; Index 330 $aDiscover a practical trading strategy that combines options and ETFs.Create Your Own Hedge Fund explains how exchange-traded funds can be used in conjunction with an options strategy to attain steady growth. Beginning with a tutorial on options and ETFs, the book goes on to describe both investment approaches in great detail providing you with a trading strategy that generates higher returns than buy-and-hold investing -- and allows you to reduce risk by adopting a hedging strategy. Filled with in-depth insights and expert advice, this book is intended for you if you're a sophis 410 0$aWiley trading. 606 $aHedging (Finance) 606 $aStock options 606 $aExchange traded funds 615 0$aHedging (Finance) 615 0$aStock options. 615 0$aExchange traded funds. 676 $a332.64/524 700 $aWolfinger$b Mark D$01795694 801 0$bMiAaPQ 801 1$bMiAaPQ 801 2$bMiAaPQ 906 $aBOOK 912 $a9910962702803321 996 $aCreate your own hedge fund$94337118 997 $aUNINA LEADER 04241nam 22007935 450 001 9910874658103321 005 20251209222325.0 010 $a9783031625862$b(electronic bk.) 010 $z9783031625855 024 7 $a10.1007/978-3-031-62586-2 035 $a(MiAaPQ)EBC31538188 035 $a(Au-PeEL)EBL31538188 035 $a(CKB)33101351400041 035 $a(DE-He213)978-3-031-62586-2 035 $a(OCoLC)1449678532 035 $a(EXLCZ)9933101351400041 100 $a20240720d2024 u| 0 101 0 $aeng 135 $aurcnu|||||||| 181 $ctxt$2rdacontent 182 $cc$2rdamedia 183 $acr$2rdacarrier 200 10$aCommunity-Based Participatory Research with Women in Prison $eThe Women?s Words/Women?s Worlds Peer Mentoring Program /$fby Susan Dewey, Brittany VandeBerg, Julie Tennant-Caine 205 $a1st ed. 2024. 210 1$aCham :$cSpringer Nature Switzerland :$cImprint: Springer,$d2024. 215 $a1 online resource (114 pages) 225 1 $aAnthropology and Ethics,$x2195-0830 311 08$aPrint version: Dewey, Susan Community-Based Participatory Research with Women in Prison Cham : Springer International Publishing AG,c2024 9783031625855 327 $aCommunity Based Participatory Research (CBPR) An Innovative Approach to Working with Women?s Prisons -- Collaboratively Determining Direction and Parameters -- The Mentor and Mentee Manuals -- Implementation -- Ten Reasons Why Community Based Participatory Research Can Transform Women?s Prisons. 330 $aThis innovative work tells the story of a unique partnership between a state prison administration and a team of incarcerated women, prison administrators, researchers, artists, and students known as The WoW Collective due to their joint efforts in developing a peer mentoring program called ?Women?s Words/Women?s Worlds (WoW).? Using the example of WoW, the book provides a guide to doing community-based participatory research (CBPR) with women in prison that takes a collaborative?rather than the typically adversarial?approach to working together toward the goal of transformative social change. This book provides a ground-breaking example of how incarcerated women, prison administrators, researchers, and artists successfully worked together on a community-based project that led to meaningful results in the form of a peer mentoring program designed by women in prison for women in prison. Remaining closely attuned to the ethical dimensions of doing CBPR in a highly structured prison environment, this book provides inspiration to CBPR practitioners who seek to work within the criminal justice system to create real and meaningful change for the better. Co-authored by two criminologists, a senior prison administrator, and the unique collective known as WoW, this book provides both a clear step-by-step CBPR guide and a visionary approach to working with criminal justice practitioners. 410 0$aAnthropology and Ethics,$x2195-0830 606 $aEthnology 606 $aSex 606 $aDeviant behavior 606 $aSocial control 606 $aCorrections 606 $aPunishment 606 $aCriminology 606 $aSocial service 606 $aSociocultural Anthropology 606 $aGender Studies 606 $aDeviance and Social Control 606 $aPrison and Punishment 606 $aCriminology 606 $aSocial Work 615 0$aEthnology. 615 0$aSex. 615 0$aDeviant behavior. 615 0$aSocial control. 615 0$aCorrections. 615 0$aPunishment. 615 0$aCriminology. 615 0$aSocial service. 615 14$aSociocultural Anthropology. 615 24$aGender Studies. 615 24$aDeviance and Social Control. 615 24$aPrison and Punishment. 615 24$aCriminology. 615 24$aSocial Work. 676 $a305.8 700 $aDewey$b Susan$0781871 701 $aVandeberg$b Brittany$01749684 701 $aTennant-Caine$b Julie$01749685 801 0$bMiAaPQ 801 1$bMiAaPQ 801 2$bMiAaPQ 912 $a9910874658103321 996 $aCommunity-Based Participatory Research with Women in Prison$94183964 997 $aUNINA